La historia latinoamericana y los procesos revolucionarios: b
El autor aborda un entramado del bicentenario que a su juicio no ha sido atendido suficientemente, o bien se lo hecho sin debate sobre sus derivaciones, se refiere al cruce del bicentenario y el concepto de revolución. Para ello se hace una exposición de dicho concepto y se abordan los procesos revo...
Guardado en:
| Hovedforfatter: | |
|---|---|
| Format: | Texto |
| Fag: | |
| Tags: |
Tilføj Tag
Ingen Tags, Vær først til at tagge denne postø!
|
MARC
| LEADER | 00000 a a2200000 04500 | ||
|---|---|---|---|
| 001 | 41737 | ||
| 003 | |||
| 040 | |||
| 100 | |a Acha, Omar | ||
| 245 | |a La historia latinoamericana y los procesos revolucionarios: b |u na perspectiva del bicentenario (1780-2010) / |c Omar Acha | ||
| 520 | |a El autor aborda un entramado del bicentenario que a su juicio no ha sido atendido suficientemente, o bien se lo hecho sin debate sobre sus derivaciones, se refiere al cruce del bicentenario y el concepto de revolución. Para ello se hace una exposición de dicho concepto y se abordan los procesos revolucionarios del siglo XIX en América Latina. | ||
| 590 | |a RRA/AGOSTO2011 | ||
| 650 | |a 1.REVOLUCION | ||
| 650 | |a 2.AMERICA LATINA | ||
| 650 | |a 3.HISTORIA POLITICA | ||
| 650 | |a 4.HISTORIOGRAFIA | ||
| 650 | |a 5.CAMBIO SOCIAL | ||
| 773 | |g (2009), páginas 17-37 | ||
| 999 | |c 36661 |d 36661 | ||
